| 000 | 00426nam a2200157 i 4500 | ||
|---|---|---|---|
| 001 | 142431 | ||
| 003 | ES-MaACL | ||
| 005 | 20230906200523.0 | ||
| 007 | t| | ||
| 008 | 071005s1905 sp ||||1| spa d | ||
| 100 | 1 |
_aVillaespesa, Francisco. _9114917 |
|
| 245 | 1 | 0 |
_aRapsodias _b: (poesías) / _cFrancisco Villaespesa. |
| 260 |
_aMadrid : _bValero Díaz, _c1905. |
||
| 300 |
_a160 p. ; _c15 cm. |
||
| 852 |
_aES-MaACL _jD-3886 |
||
| 999 |
_c142431 _d142431 |
||